000
00201 a2200097 4500
001
12044
100
_a
Gorky, M
245
_a
My Universities
260
_a
_b
Foreign languages
_c
090
_c
9296
_d
9296
942
_a
NUST-CAE
_c
M
_c
36151
999
_c
247117
_d
247117